/ 3



Manga Basi Kav: (Record no. 27191)

MARC details
000 -LEADER
fixed length control field 00317nam a2200133Ia 4500
008 - FIXED-LENGTH DATA ELEMENTS--GENERAL INFORMATION
fixed length control field 090707b ii f a fnsan d
100 ## - MAIN ENTRY--PERSONAL NAME
Personal name Darya
245 ## - TITLE STATEMENT
Title Manga Basi Kav:
Sub Title Moolvas ate parvas da davand
260 ## - PUBLICATION, DISTRIBUTION, ETC.
Place of publication Ludhiana
260 ## - PUBLICATION, DISTRIBUTION, ETC.
Name of publisher Chetna Prakashan
260 ## - PUBLICATION, DISTRIBUTION, ETC.
Year of publication 2017
300 ## - PHYSICAL DESCRIPTION
Number of Pages 358p
942 ## - ADDED ENTRY ELEMENTS (KOHA)
Koha item type Books
Holdings
Accession Number Cost, replacement price Lost status Damaged status Price effective from Koha item type Not for loan Collection code Withdrawn status Home library Current library Shelving location Date acquired Source of acquisition Cost, normal purchase price
60330 500.00     10/02/2018 Books   Punjabi Department Books   RCL RCL General Stacks 10/02/2018 DDC 500.00

Find us on the map

Contact Us

RAMANUJAN COLLEGE UNIVERSITY OF DELHI, KALKAJI, NEW DELHI 110019
library@ramaanujan.du.ac.in
011-35002219
https://library.ramanujancollege.ac.in/
ramanujancollegelibrary
                                 
Customized & Maintained by Department of Library
Visitor Counter